00570nam a2200133Ia 4500008004100000100001900041245012200060245010400182260005300286260001300339300000800352650001500360856006100375170221s9999 xx 000 0 und d aElena Eliseeva aTechnological and Methodological Approaches to the Design of Information and Educational Space of Modern High School  cElena Eliseeva, Irina Shcherba, Svetlan Morozova, Elena Shadoba, Larisa Petukhova, Natalia Seregina bInternational Review of Management and Marketing cMay 2012 a1:1 xMarketing. uhttp://www.econjournals.com/index.php/irmm/issue/view/70